Mechanical technology / (Record no. 11555)
[ view plain ]
| 000 -LEADER | |
|---|---|
| fixed length control field | 00419cam a2200169ua 4500 |
| 041 ## - LANGUAGE CODE | |
| Language code of text/sound track or separate title | eng |
| 082 ## - DEWEY DECIMAL CLASSIFICATION NUMBER | |
| Classification number | 671.3 |
| Item number | CHA/ME |
| 100 ## - MAIN ENTRY--AUTHOR NAME | |
| Personal name | Charnock, G F . |
| 245 ## - TITLE STATEMENT | |
| Title | Mechanical technology / |
| 250 ## - EDITION STATEMENT | |
| Edition statement | 2 / |
| 260 ## - PUBLICATION, DISTRIBUTION, ETC. (IMPRINT) | |
| Place of publication | Mumbai : |
| Name of publisher | Asia Publishing House , |
| Year of publication | 1954. |
| 300 ## - PHYSICAL DESCRIPTION | |
| Number of Pages | 724 ; . |
| 700 1# - ADDED ENTRY--PERSONAL NAME | |
| Personal name | Partington, F W . |
| 942 ## - ADDED ENTRY ELEMENTS (KOHA) | |
| Koha item type | Books |
| Withdrawn status | Lost status | Damaged status | Home library | Current library | Date acquired | Full call number | Accession Number | Koha item type |
|---|---|---|---|---|---|---|---|---|
| KAUAET | KAUAET | 07/04/2012 | 671.3 | 12214 | Books | |||
| KAUAET | KAUAET | 10/08/2018 | 671.3 CHA/ME | 3275 | Books | |||
| KAUAET | KAUAET | 10/08/2018 | 671.3 CHA/ME | 12237 | Books |
